000 00559nam a22002057a 4500
003 OSt
005 20150330141140.0
008 140717b xxu||||| |||| 00| 0 eng d
020 _a0340573147
040 _cDNLM
082 _aWQ100 O7 1995
245 _aObstetrics by Ten Teachers/
_cEdited by Geoffrey V P Chamberlain
250 _a16th ed.
260 _aGreat Britain:
_bELBS,
_c1995
300 _axvi,368p;
_bill:
_c24.5cm
504 _aIncludes index.
650 _aObstetrics
_95
700 _aChamberlain Geofrey V P
_9707
_4Editor
942 _2z
_cSLOAN
999 _c1303
_d1303